000
00308nam a2200109Ia 4500
008
171211s9999 xx 000 0 und d
245
_a
Terry Nation: The Man Who Invented the Daleks
245
_c
Alwyn W. Turner
260
_c
2013
650
_x
cinema
856
_u
http://down.ebook777.com/063/1845136098.pdf
999
_c
348731
_d
348731